00482nam a2200133Ia 4500008004100000082001600041100002800057245007800085260004300163300001800206942000700224999001900231952009800250230907s9999||||xx |||||||||||||| ||und|| a621.51bYOO aYun, Se-yŏng.9115439 0aControl of surge in centrifugal compressors by active magnetic bearings : aSpringer,bLondon ; | New York :c2013 axxi, 275 p. : cBK c598405d598405 00104070aCAS-EbCAS-Ed2019-07-18l0o621.51 YOOpCAS-E0002504r2023-09-12w2023-09-12yBK